000 00706nam a22002057a 4500
999 _c61864
_d61864
005 20240530124408.0
008 240530s2007 enk||||| |||| 00| 0 eng d
020 _a9780781752534x
041 _aeng
080 _a616.6 H-22
100 _aDaugirdas, John T.
_922241
245 _aHandbook of Dialysis /
_cedited by John T. Daugirdas, Peter G. Blake, Todd S. Ing.
264 _aPhiladelphia :
_bLippincott Williams & Wilkins,
_c2007.
300 _a774 p.;
_b21 cm.
653 _aდიალიზი
653 _aმედიცინა
700 _aBlake, Peter G.
_eრედაქტორი
_922242
700 _aIng, Todd S.
_eრედაქტორი
_922243
942 _2udc
_cᲬᲘᲒᲜᲘ